00850nam a22002657a 4500003000400000008004100004020001800045082001900063245008900082260004400171300001300215650001800228650001200246650001100258650001500269650002800284700002400312700002600336700001700362700001900379700002400398942001200422999001700434952013300451OSt260324b |||||||| |||| 00| 0 eng d a9788119105007 a597.1764bP29L aLuni River : habitat and ichthyofaunal diversity / cby Ajey Kumar Pathak...[et al.] a.- Delhib: International Booksc, 2024 axvi,85p. aPure Sciences aAnimals aFishes aLuni River aIchthyofaunal Diversity aPathak, Ajey Kumar. aKantharajan, Ganesan. aKumar, Ravi. aDayal, Rajesh. aSaini, Ved Prakash. 2ddccBK c49979d49979 00102ddc4070aRAUbCoFd2026-03-24eFaith, New Delhig1950.00o597.1764 P29Lp88178r2026-03-24w2026-02-02yBKkFE/9/2025-26